000
00292 a2200145 4500
001
171889
020
_a
040
_c
Magnum
100
_a
Albergaria, Lino de
240
1
0
_a
Um amor de menina
_l
por
245
1
0
_a
Um amor de menina
362
0
_a
1899
697
_a
J/ROMANCE
942
_c
BK
999
_c
171889
_d
171889